000 00898cam a22002775a 4500
003 EG-ScBUE
005 20220427113740.0
008 090601s2001 enka f b 000 0 eng d
020 _a9780521585460
020 _a0521585465
040 _aEG-ScBUE
_beng
_erda
_cEG-ScBUE
_dEG-ScBUE
082 0 4 _a418
_bMCC
_222
100 1 _aMcCarthy, Michael,
_d1947-
_eauthor.
_95725
245 1 0 _aIssues in applied linguistics /
_cMichael McCarthy.
264 1 _aCambridge :
_bCambridge University Press,
_c2001.
300 _aviii, 175 pages :
_billustrations ;
_c24 cm
336 _2rdacontent
_atext
_btxt
337 _2rdamedia
_aunmediated
_bn
338 _2rdacarrier
_avolume
_bnc
504 _aIncludes bibliographical references and index.
650 7 _aApplied linguistics.
_2BUEsh
_95726
651 _2BUEsh
653 _bHHUUEENN
_cAugust2018
655 _vReading book
_934232
942 _2ddc
_cBB
999 _c11716
_d11716